000 02832nam a2200445 a 4500
003 CHAP
005 20250122114858.0
007 cr ||||||a|c|a
008 110121s2010 mx r 00010 spa d
035 _a111971
040 _cCHAP
090 _aTesis
100 1 _aLópez Gómez, Jesús Antonio.
_967940
245 1 0 _aDiseño de un sistema para la prepatración de deyecciones cunícolas
_c/por Jesús Antonio López Gómez y Damian Martínez Nolasco; director de tesis Pedro Cruz Meza.
264 1 _aChapingo, Méx. :
_bEl autor,
_c2010.
300 _a1 recurso en línea (118 páginas):
_bcuadros, figuras.
336 _2rdacontent
_atexto
_btxt
337 _2rdamedia
_acomputadora
_bc
338 _2rdacarrier
_arecursos en línea
_bcr
502 _bIMAg
_cMecánica
_d2010.
_gLIC
520 _aEl objetivo de este trabajo es el diseño de un sistema capaz de realizar la separación de las deyecciones sólidas de las líquidas de los conejos. Esto permitirá a los productores dar una alternativa de uso a los desechos de sus animales además de conseguir un incentivo por el mismo. Con este sistema se pretende además tener mayor higiene dentro de las granjas cunícolas a fin de evitar enfermedades. Una vez obtenida la orina de conejo será procesada para su posterior utilización como fijador para perfumes o fertilizante foliar. Las deyecciones sólidas serán utilizadas para hacer compostaje junto con otros materiales orgánicos. Aspectos a los que se le dieron mayor importancia son el bajo precio de su construcción o adquisición, alta productividad, fácil manejo que permita a una persona realizar la limpieza total del área cunícola y fácil mantenimiento. Equipado de una banda transportadora tipo malla que no permitirá el paso de las deyecciones sólidas, si no las llevara hasta uno de los extremos para depositarlos en un contenedor para su posterior desalojo mientras que la orina caerá libremente por unas lonas dispuestas en forma de canal para dejarlas en un depósito.
590 _aALEPH
_b10
_c20130110
590 _aBATCH-UPD
_b10
_c20130110
590 _aBATCH-UPD
_b10
_c20130410
590 _aBATCH-UPD
_b10
_c20130914
590 _aBATCH-UPD
_b10
_c20140324
590 _aBATCH-UPD
_b10
_c20141002
590 _aCONVERSION
_b10
_c20130109
650 1 4 _aConejos
_xAlojamiento.
_926354
650 1 4 _aMaquinaria agrícola
_xDiseño.
_971168
700 1 _aMartínez Nolasco, Damian.
_972346
700 1 _aCruz Meza, Pedro
_929508
_eDirector de tesis.
856 _uhttp://10.13.5.2/tesis/111971.pdf
_zDESCARGAR PDF
901 _aBK
942 _cTD
_2Clasificación Universidad Autónoma Chapingo
949 _bBC
_cTES
_d33724002228082
_eTS2
_fc.2
_h51857
_i111971
_sb
949 _bBC
_cTES
_d33724002228124
_eTS1
_gDonaciØn
_h51856
_i111971
_sb
999 _c100312
_d100312